| 000 | 00738nam a2200289Ia 4500 | ||
|---|---|---|---|
| 005 | 20250425160742.0 | ||
| 008 | 250425s9999 xx 000 0 und d | ||
| 020 | _a8448100778 | ||
| 041 | _aspa | ||
| 043 | _asp | ||
| 082 | _a658.159 | ||
| 100 | _aBREALEY, RICHARD | ||
| 245 | 0 | _aPRINCIPIOS DE FINANZAS CORPORATIVAS | |
| 250 | _a4A ED. | ||
| 260 |
_aEspaña _bMCGRAW HILL _c1993 |
||
| 260 | _aMADRID | ||
| 300 | _a1203 | ||
| 500 | _aTítulo Traducido: PRINCIPLES OF CORPORATE FINANCE | ||
| 650 | _aADMINISTRACION FINANCIERA | ||
| 650 | _aANALISIS FINANCIERO | ||
| 650 | _aFINANZAS | ||
| 650 | _aFUSIONES | ||
| 650 | _aPRESUPUESTO | ||
| 700 |
_aANSOTEGUI OLCOZ, CARMEN _etraductor |
||
| 942 | _c01 | ||
| 010 | _a4409 | ||
| 999 |
_c195434 _d195434 |
||